Statistics for Top 15 Countries with Covid-19 Deaths - 9 October

Click here to take the quiz!

General Stats

  • This quiz has been taken 18 times
  • The average score is 15 of 20

Answer Stats

country% Correct
United States
100%
Brazil
94%
United Kingdom
94%
Italy
89%
Mexico
89%
Russia
89%
Spain
89%
Colombia
83%
France
83%
India
83%
Chile
78%
Peru
72%
Argentina
67%
Iran
67%
Sweden
67%
Belgium
61%
South Africa
61%
Bolivia
50%
Ecuador
50%
Panama
39%

Score Distribution

Percentile by Number Answered

Percent of People with Each Score

Your Score History

You have not taken this quiz